000 00511 a2200145 4500
001 120626
020 _a9788537603628
040 _cEscola Canadense de Niteroi
090 _aMAR
100 _aMarques, Cristina
245 1 0 _aBranca de Neve
300 _c20x27 cm
520 _aA delicadeza das ilustrações e a simplicidade dos textos dos livros desta coleção atraem a atenção das crianças, que se encantam com o enredo das bonitas histórias extraídas dos grandes clássicos infantis.
942 _cBK
999 _c120626
_d120626